[Event "NRW Class2 1819"]
[White "Kretschmann, Michael"]
[Black "Schmitz, Philipp"]
[Site "Germany"]
[Round "2.3"]
[Result "1/2-1/2"]
[Date "2018.10.14"]
[WhiteElo "2075"]
[BlackElo "2184"]
[PlyCount "94"]
[EventDate "2018.09.16"]
[EventType "team-tourn"]
[EventRounds "9"]
[EventCountry "GER"]
[SourceTitle "EXT 2022"]
[Source "ChessBase"]
[SourceDate "2021.10.06"]
[SourceVersion "1"]
[SourceVersionDate "2021.10.06"]
[SourceQuality "1"]
[WhiteTeam "Guetersloh"]
[BlackTeam "Iserlohn Koenigsspringer"]
[WhiteTeamCountry "GER"]
[BlackTeamCountry "GER"]

1. g3 d5 2. d3 e5 3. Bg2 Nf6 4. Nf3 Bd6 5. 0-0 0-0 6. Nc3 c6 7. e4 b5 8. exd5 b4 9. Ne4 cxd5 10. Nxd6 Qxd6 11. d4 e4 12. Bf4 Qb6 13. Ne5 Nc6 14. c4 dxc4 15. Nxc4 Qxd4 16. Qxd4 Nxd4 17. Be5 Nf3+ 18. Bxf3 exf3 19. Bxf6 gxf6 20. h4 Ba6 21. b3 Rfd8 22. Rfd1 Bxc4 23. bxc4 Kf8 24. g4 a5 25. Kh2 a4 26. Kg3 b3 27. axb3 axb3 28. Rxa8 Rxa8 29. Rb1 Rb8 30. Kxf3 Ke7 31. Ke3 Kd6 32. Kd4 b2 33. Kc3 Kc5 34. Rxb2 Rxb2 35. Kxb2 Kxc4 36. Kc2 Kd4 37. Kd2 Ke4 38. Ke2 Kf4 39. f3 f5 40. gxf5 Kg3 41. h5 Kf4 42. h6 f6 43. Kf2 Kxf5 44. Kg3 Kg5 45. f4+ Kxh6 46. Kg4 Kg6 47. f5+ Kh6 1/2-1/2

[Event "NRW Class1 1718"]
[White "Kruse, Herbert"]
[Black "Schmitz, Philipp"]
[Site "Germany"]
[Round "2.3"]
[Result "1/2-1/2"]
[Date "2017.10.15"]
[WhiteElo "2175"]
[BlackElo "2159"]
[PlyCount "61"]
[EventDate "2017.09.17"]
[EventType "team-tourn"]
[EventRounds "9"]
[EventCountry "GER"]
[SourceTitle "EXT 2019"]
[Source "ChessBase"]
[SourceDate "2018.10.10"]
[SourceVersion "1"]
[SourceVersionDate "2018.10.10"]
[SourceQuality "1"]
[WhiteTeam "Bielefeld"]
[BlackTeam "Iserlohn Koenigsspringer"]
[WhiteTeamCountry "GER"]
[BlackTeamCountry "GER"]

1. e4 c5 2. Nc3 a6 3. Nge2 d6 4. d4 cxd4 5. Nxd4 Nf6 6. Be3 e5 7. Nb3 Be6 8. Be2 Be7 9. 0-0 0-0 10. f4 exf4 11. Bxf4 d5 12. exd5 Nxd5 13. Nxd5 Bxd5 14. Qe1 Bh4 15. Qd2 Nc6 16. Rad1 Re8 17. c4 Be4 18. Bd6 Qg5 19. Bf3 Bxf3 20. Qxg5 Bxg5 21. Rxf3 Re2 22. Rb1 Rae8 23. Kf1 Rc2 24. Rc3 Ree2 25. Rxc2 Rxc2 26. Nc5 Be3 27. Re1 Rf2+ 28. Kg1 Re2+ 29. Kf1 Rf2+ 30. Kg1 Re2+ 31. Kf1 1/2-1/2

[Event "Oberliga NRW 1617"]
[White "Schmitz, Philipp"]
[Black "Wecker, Martin"]
[Site "Germany"]
[Round "8.2"]
[Result "1-0"]
[Date "2017.03.26"]
[WhiteElo "2158"]
[BlackElo "2140"]
[PlyCount "99"]
[EventDate "2016.09.25"]
[EventType "team-tourn"]
[EventRounds "9"]
[EventCountry "GER"]
[SourceTitle "EXT 2020"]
[Source "ChessBase"]
[SourceDate "2019.10.17"]
[SourceVersion "1"]
[SourceVersionDate "2019.10.17"]
[SourceQuality "1"]
[WhiteTeam "Iserlohn Koenigsspringer"]
[BlackTeam "Godesberg"]
[WhiteTeamCountry "GER"]
[BlackTeamCountry "GER"]

1. e4 c5 2. Nf3 e6 3. d4 cxd4 4. Nxd4 Nc6 5. Nc3 Qc7 6. Nxc6 bxc6 7. Bd3 Nf6 8. Qe2 e5 9. 0-0 h6 10. f4 Bd6 11. Kh1 0-0 12. f5 Be7 13. Bd2 Bb7 14. Rf3 d5 15. Raf1 Rfd8 16. Rh3 Bf8 17. Rff3 c5 18. exd5 Bxd5 19. Nxd5 Rxd5 20. Bc4 Rd7 21. Bc3 Rad8 22. Rf1 Re7 23. Re1 Nd5 24. Bxd5 Rxd5 25. f6 Re6 26. fxg7 Bxg7 27. Rg3 Qe7 28. Qc4 Rd8 29. h3 Kh8 30. Qe4 Qf6 31. Rf3 Qe7 32. Rf5 f6 33. Ref1 Red6 34. R1f3 Qe6 35. Rxf6 Bxf6 36. Rxf6 Qxf6 37. Bxe5 Kg7 38. Qg4+ Kf7 39. Bxf6 Kxf6 40. Qf4+ Kg6 41. Qc4 Kh7 42. Qxc5 a6 43. c4 R8d7 44. Qf5+ Kg7 45. b4 Re7 46. c5 Rf6 47. Qd3 h5 48. a4 h4 49. b5 axb5 50. axb5 1-0

[Event "Oberliga NRW 1415"]
[White "Schuh, Dirk"]
[Black "Schmitz, Philipp"]
[Site "Germany"]
[Round "1.2"]
[Result "1-0"]
[Date "2014.09.14"]
[WhiteElo "2322"]
[BlackElo "2163"]
[PlyCount "75"]
[EventDate "2014.09.14"]
[EventType "team-tourn"]
[EventRounds "9"]
[EventCountry "GER"]
[SourceTitle "EXT 2017"]
[Source "ChessBase"]
[SourceDate "2016.10.25"]
[SourceVersion "1"]
[SourceVersionDate "2016.10.25"]
[SourceQuality "1"]
[WhiteTeam "Duesseldorf"]
[BlackTeam "Lieme"]
[WhiteTeamCountry "GER"]
[BlackTeamCountry "GER"]

1. e4 c5 2. Nf3 d6 3. Bb5+ Bd7 4. Bxd7+ Qxd7 5. 0-0 Nc6 6. c3 Nf6 7. d4 e6 8. d5 Ne5 9. Nxe5 dxe5 10. Re1 c4 11. Bg5 Be7 12. Bxf6 gxf6 13. dxe6 Qxe6 14. Qa4+ Kf8 15. Nd2 Rc8 16. Nf1 Bc5 17. Rad1 Kg7 18. Ng3 Rhd8 19. Nf5+ Kf8 20. Qc2 Qb6 21. Kf1 Rxd1 22. Rxd1 Rd8 23. Rd5 Rxd5 24. exd5 Qb5 25. Qd2 Ke8 26. g4 Kd8 27. Ng3 Bd6 28. h3 a5 29. Ne4 Ke7 30. Qh6 Qxd5 31. Qxf6+ Kd7 32. Nxd6 Qd1+ 33. Kg2 Qd5+ 34. Kh2 Qxd6 35. Qxf7+ Kd8 36. Qg8+ Kc7 37. Qxh7+ Kb6 38. Qe4 1-0

[Event "NRW Class1 1314"]
[White "Malcher, Werner"]
[Black "Schmitz, Philipp"]
[Site "Germany"]
[Round "1.1"]
[Result "1-0"]
[Date "2013.09.15"]
[WhiteElo "2322"]
[BlackElo "2196"]
[PlyCount "83"]
[EventDate "2013.09.15"]
[EventType "team-tourn"]
[EventRounds "9"]
[EventCountry "GER"]
[SourceTitle "EXT 2015"]
[Source "ChessBase"]
[SourceDate "2014.11.20"]
[SourceVersion "1"]
[SourceVersionDate "2014.11.20"]
[SourceQuality "1"]
[WhiteTeam "Bielefeld"]
[BlackTeam "Lieme"]
[WhiteTeamCountry "GER"]
[BlackTeamCountry "GER"]

1. d4 Nf6 2. c4 g6 3. Nc3 Bg7 4. e4 0-0 5. Nf3 d6 6. Be2 e5 7. d5 a5 8. Bg5 h6 9. Bh4 Na6 10. Nd2 g5 11. Bg3 Nxe4 12. Ndxe4 f5 13. h4 fxe4 14. hxg5 hxg5 15. Nxe4 Nc5 16. Bd3 Bf5 17. Nxc5 dxc5 18. Bxf5 Rxf5 19. Qg4 Qf6 20. Qe4 Ra6 21. Rc1 Rb6 22. Rc2 Rb4 23. f3 Kf7 24. 0-0 b5 25. Be1 Rf4 26. Bxb4 cxb4 27. c5 Qd8 28. Qd3 Rd4 29. Qf5+ Qf6 30. Qc8 Rxd5 31. Qxc7+ Kg8 32. Qb7 Qe6 33. Re1 e4 34. Rxe4 Rd1+ 35. Kf2 b3 36. axb3 Qxb3 37. Qc8+ Bf8 38. Qe6+ Qxe6 39. Rxe6 b4 40. c6 b3 41. Rc4 Rd2+ 42. Re2 1-0

[Event "Werther Schloss op 19th"]
[White "Schmitz, Philipp"]
[Black "Melamed, Tatiana"]
[Site "Werther"]
[Round "3"]
[Result "1-0"]
[Date "2013.03.22"]
[WhiteElo "2136"]
[BlackElo "2368"]
[PlyCount "45"]
[EventDate "2013.03.22"]
[EventType "swiss"]
[EventRounds "7"]
[EventCountry "GER"]
[SourceTitle "CBM 153 Extra"]
[Source "ChessBase"]
[SourceDate "2013.04.22"]
[SourceVersion "1"]
[SourceVersionDate "2013.04.22"]
[SourceQuality "1"]

1. e4 c5 2. Nf3 e6 3. d4 cxd4 4. Nxd4 Nc6 5. Nc3 Qc7 6. Be3 a6 7. Qd2 Nf6 8. 0-0-0 Bb4 9. f3 0-0 10. g4 Ne5 11. g5 Nh5 12. f4 Ng4 13. Nde2 Bxc3 14. bxc3 Nxe3 15. Qxe3 b5 16. Bg2 g6 17. Bf3 Ng7 18. h4 Bb7 19. h5 d5 20. hxg6 fxg6 21. exd5 Bxd5 22. Rxd5 exd5 23. Bxd5+ 1-0

[Event "Dortmund Sparkassen op-A"]
[White "Schmitz, Philipp"]
[Black "Schulze, Torben"]
[Site "Dortmund"]
[Round "3"]
[Result "1/2-1/2"]
[Date "2012.07.16"]
[WhiteElo "2053"]
[BlackElo "2309"]
[PlyCount "42"]
[EventDate "2012.07.14"]
[EventType "swiss"]
[EventRounds "9"]
[EventCountry "GER"]
[SourceTitle "CBM 149 Extra"]
[Source "ChessBase"]
[SourceDate "2012.08.24"]
[SourceVersion "1"]
[SourceVersionDate "2012.08.24"]
[SourceQuality "1"]

1. e4 Nc6 2. Nf3 f5 3. exf5 d5 4. Bb5 Bxf5 5. d4 Qd6 6. Ne5 Nf6 7. 0-0 Nd7 8. Bxc6 bxc6 9. Bf4 Qb4 10. b3 Nxe5 11. Bxe5 e6 12. Bxc7 Be7 13. c3 Qb7 14. Be5 0-0 15. Nd2 c5 16. Re1 Rac8 17. Nf1 Bh4 18. Bg3 Bf6 19. Be5 Bh4 20. Bg3 Bf6 21. Be5 Bh4 1/2-1/2

[Event "Lippe Cup-A 08th"]
[White "Peters, Stephan"]
[Black "Schmitz, Philipp"]
[Site "Lieme"]
[Round "3"]
[Result "1/2-1/2"]
[Date "2011.10.29"]
[WhiteElo "1913"]
[BlackElo "1972"]
[PlyCount "66"]
[EventDate "2011.10.28"]
[EventType "swiss"]
[EventRounds "5"]
[EventCountry "GER"]
[SourceTitle "EXT 2012"]
[Source "ChessBase"]
[SourceDate "2011.11.24"]
[SourceVersion "1"]
[SourceVersionDate "2011.11.24"]
[SourceQuality "1"]

1. e4 c5 2. c3 Nf6 3. e5 Nd5 4. d4 cxd4 5. cxd4 e6 6. Nc3 Nxc3 7. bxc3 d6 8. Nf3 Nc6 9. Bf4 Be7 10. Bd3 0-0 11. Qc2 h6 12. 0-0 dxe5 13. Nxe5 Nxe5 14. Bxe5 Bd6 15. Rfe1 b6 16. Re3 Bxe5 17. Rxe5 Bb7 18. Rae1 Rc8 19. f4 Qc7 20. R1e3 Kh8 21. Be2 Qd6 22. Qd3 Qa3 23. Qd2 Rc7 24. f5 exf5 25. Rxf5 Qd6 26. Rfe5 f5 27. Re6 Qd8 28. Rh3 f4 29. Re5 Re7 30. Rhh5 Rxe5 31. Rxe5 Qf6 32. Bf3 Bxf3 33. gxf3 Qc6 1/2-1/2

[Event "Lippe Cup-A 08th"]
[White "Schmitz, Philipp"]
[Black "Niediek, Cedric"]
[Site "Lieme"]
[Round "2"]
[Result "1/2-1/2"]
[Date "2011.10.29"]
[WhiteElo "1972"]
[BlackElo "1854"]
[PlyCount "33"]
[EventDate "2011.10.28"]
[EventType "swiss"]
[EventRounds "5"]
[EventCountry "GER"]
[SourceTitle "EXT 2012"]
[Source "ChessBase"]
[SourceDate "2011.11.24"]
[SourceVersion "1"]
[SourceVersionDate "2011.11.24"]
[SourceQuality "1"]

1. e4 c5 2. Nf3 Nc6 3. d4 cxd4 4. Nxd4 e5 5. Nb5 a6 6. Nd6+ Bxd6 7. Qxd6 Qf6 8. Qa3 Nge7 9. Nd2 0-0 10. Bd3 Qg6 11. 0-0 d6 12. Re1 b5 13. Re3 b4 14. Qa4 f5 15. exf5 Bxf5 16. Ne4 d5 17. Nc5 1/2-1/2

[Event "Moehnesee Cup-A 37th"]
[White "Pazdzior, Johann"]
[Black "Schmitz, Philipp"]
[Site "Moehnesee"]
[Round "5"]
[Result "1/2-1/2"]
[Date "2011.09.03"]
[WhiteElo "1804"]
[BlackElo "1972"]
[PlyCount "41"]
[EventDate "2011.09.01"]
[EventType "swiss"]
[EventRounds "7"]
[EventCountry "GER"]
[SourceTitle "EXT 2013"]
[Source "ChessBase"]
[SourceDate "2012.11.22"]
[SourceVersion "1"]
[SourceVersionDate "2012.11.22"]
[SourceQuality "1"]

1. d4 Nf6 2. Nf3 g6 3. g3 Bg7 4. Bg2 d6 5. c4 0-0 6. Nc3 Nc6 7. 0-0 a6 8. Bf4 Rb8 9. Qd2 Re8 10. Bh6 Bh8 11. Rac1 e5 12. dxe5 dxe5 13. Qxd8 Rxd8 14. Rfd1 Be6 15. Rxd8+ Rxd8 16. Bg5 Bg7 17. Nd2 h6 18. Bxf6 Rxd2 19. Bxg7 Kxg7 20. b3 f5 21. Bxc6 1/2-1/2